Dark Maul - Star Wars - Statistiques

Statistiques générales
  • Ce quiz a été pris 181 fois
    168 depuis la dernière actualisation
  • Le résultat moyen est 16 sur 28
Statistiques - réponses
Hint Réponse % Correct
Qui est son maître ? Dark Sidious / Palpatine
97%
Quel est le titre du film de la saga dans lequel apparaît Dark Maul ? La menace fantôme
97%
Quelle est la particularité de son sabre laser ? C'est un double sabre laser
96%
Comment s'appelle le padawan de ce dernier, qui trancha Maul en deux et le laissa tomber dans un puits ? Obi-Wan Kenobi
95%
De quelles couleurs est-il ? Noir et rouge
94%
Dans le film où il apparaît, quel maître jedi tue t-il ? Qui-Gon Jinn
92%
Qui est-il par rapport à Maul ? Son grand frère
74%
Grâce à cette technique, Maul retrouve le jedi qui lui a tranché les jambes des années auparavant. Sur quelle planète se cache ce dernier ? Tatooine
71%
Il le retrouve finalement et se fait rapidement anéantir par le jedi. Avant de mourir, Maul lui demande s'il se cache ici pour protéger l'élu. Qui est le fameux élu ? Luke Skywalker
69%
Quel est le nom de celui qui va finir par retrouver Maul sur cette planète ? Savage Opress
66%
Maul va ensuite attaquer Kanan, le maître de l'apprenti jedi. Il ne parvient pas à le tuer mais le prive d'un sens, lequel ? La vue
64%
Au cours d'un duel contre ce dernier, Maul remporte le trône d'une planète. Quel est son nom ? Mandalore
64%
Sur quelle planète est-il né ? Dathomir
63%
Des années plus tard, il est retrouvé par un jeune apprenti jedi et rebelle. Qui est-ce ? Ezra Bridger
63%
De quelle espèce fait-il partie ? Zabrak
63%
Quelle jedi va venir sur cette planète pour tenter de capturer Maul ? Ahsoka Tano
62%
Maul est remis en forme par Mère Talzin. De quel clan de sa planète natale fait-elle partie ? Les sœurs de la nuit
58%
De quel animal (qui existe sur Terre) s'est-il inspiré pour se créer de nouvelles jambes à partir des déchets autour de lui ? L'araignée
57%
Quel est le nom de l'ancienne duchesse de cette planète qu'il tuera ensuite ? Satine
53%
Qu'est ce que ce dernier va lui proposer ? Une alliance
40%
Après avoir repris l'aventure, Maul et son acolyte sont sauvés par les Death Watch. Qui est leur chef ? Pre Vizsla
37%
Quel objet vont-ils récupérer ensemble ? Un holocron sith
34%
Quel acteur et cascadeur américain l'incarne ? Ray Park
26%
Pour obtenir le savoir sur n'importe quel sujet, Maul et l'apprenti de Kanan doivent utiliser l'objet qu'ils ont récupéré ensemble + un autre objet. Qu'est ce ? Un holocron jedi
21%
Finalement capturé, il s'enfuit à bord d'une navette volée et part en exil sur une mystérieuse planète quelques temps après. Quelle est cette planète ? Malachor
16%
On apprend ensuite qu'il s'est réfugié sur une planète décharge. Comment s'appelle cette planète ? Lotho Minor
9%
Que lui dit-il à propos de son vrai nom ? Il l'a oublié
6%
Sous quel surnom se présente Maul au jeune jedi ? Le vieux maître
6%
Aucun quiz correspondant
Distribution des résultats
% des personnes avec chaque résultat
Percentile par nombre de réponses
Votre historique - résultats
Vous n’avez pas pris ce quiz depuis la dernière actualisation